| 000 -LEADER | |
|---|---|
| fixed length control field | 00456nam a22001577a 4500 |
| 005 - DATE AND TIME OF LATEST TRANSACTION | |
| control field | 20240108125916.0 |
| 008 - FIXED-LENGTH DATA ELEMENTS--GENERAL INFORMATION | |
| fixed length control field | 190427b xxu||||| |||| 00| 0 eng d |
| 020 ## - INTERNATIONAL STANDARD BOOK NUMBER | |
| ISBN | 978-81-85790-24-4 |
| 041 ## - LANGUAGE CODE | |
| Language code of text/sound track or separate title | eng |
| 100 ## - MAIN ENTRY--AUTHOR NAME | |
| Personal name | KALE, SHRADDHA R. AND KALE,RAJENDRA. R. |
| 245 ## - TITLE STATEMENT | |
| Title | A TEXTBOOK OF PHARMACOLOGY AND TOXICOLOGY : FOR SECOND YEAR DIPLOMA IN PHARMACY |
| 260 ## - PUBLICATION, DISTRIBUTION, ETC. (IMPRINT) | |
| Place of publication | PUNE |
| Name of publisher | NIRALI PRAKASHAN |
| 300 ## - PHYSICAL DESCRIPTION | |
| Number of Pages | 17.36 p, |
| 650 ## - SUBJECT ADDED ENTRY--TOPICAL TERM | |
| Topical Term | PHARMACY |
| 942 ## - ADDED ENTRY ELEMENTS (KOHA) | |
| Koha item type | Books |
| Lost status | Damaged status | Collection code | Home library | Current library | Shelving location | Date acquired | Source of acquisition | Cost, normal purchase price | Full call number | Accession Number | Koha item type |
|---|---|---|---|---|---|---|---|---|---|---|---|
| PHARMACY | JRU Library | JRU Library | Shelf - 21- C | 27/04/2019 | PURCHESS | 190.00 | 615.9 | 22698 | Books | ||
| PHARMACY | JRU Library | JRU Library | Shelf - 21- C | 27/04/2019 | PURCHESS | 190.00 | 615.9 | 22699 | Books | ||
| Reference | JRU Library | JRU Library | SHELF-4-A | 27/04/2019 | PURCHESS | 190.00 | 22700 | Books |